[Event "Amantea op-B 8th"]
[Site "Amantea"]
[Date "2010.09.05"]
[Round "8"]
[White "Dallaglio, Stefano"]
[Black "Grasso, Francesco"]
[Result "0-1"]
[WhiteElo "1380"]
[BlackElo "1488"]
[PlyCount "60"]
[EventDate "2010.08.29"]
[EventType "swiss"]
[EventRounds "9"]
[EventCountry "ITA"]
[SourceTitle "CBM 138 Extra"]
[Source "ChessBase"]
[SourceDate "2010.10.29"]
[SourceVersion "1"]
[SourceVersionDate "2010.10.29"]
[SourceQuality "1"]

1. e4 Nf6 2. Nc3 d5 3. d3 dxe4 4. dxe4 Qxd1+ 5. Kxd1 e5 6. Nf3 Bd6 7. Be3 0-0 8. g3 Ng4 9. Nb5 Nxe3+ 10. fxe3 Bg4 11. Be2 Bxf3 12. Bxf3 Nc6 13. Nxd6 cxd6 14. Be2 a6 15. c4 Ne7 16. Rc1 Rfc8 17. b4 g6 18. c5 dxc5 19. bxc5 Nc6 20. Bg4 Rc7 21. Rf1 Nb4 22. Rf2 Nd3 23. Re2 Nxc1 24. Kxc1 Rxc5+ 25. Kb1 Rd8 26. Re1 b5 27. Kb2 Rd2+ 28. Ka3 Rxh2 29. Rd1 a5 30. Rd7 Rc3# 0-1

[Event "Amantea op-B 8th"]
[Site "Amantea"]
[Date "2010.09.03"]
[Round "6"]
[White "Vespe, Roccomaria Antonio"]
[Black "Dallaglio, Stefano"]
[Result "1-0"]
[WhiteElo "1329"]
[BlackElo "1380"]
[PlyCount "73"]
[EventDate "2010.08.29"]
[EventType "swiss"]
[EventRounds "9"]
[EventCountry "ITA"]
[SourceTitle "CBM 138 Extra"]
[Source "ChessBase"]
[SourceDate "2010.10.29"]
[SourceVersion "1"]
[SourceVersionDate "2010.10.29"]
[SourceQuality "1"]

1. d4 d5 2. c4 e6 3. Nc3 Nf6 4. Nf3 Nc6 5. e3 Bd6 6. Bd3 0-0 7. 0-0 dxc4 8. Bxc4 e5 9. Bd2 exd4 10. exd4 Re8 11. Re1 Rxe1+ 12. Qxe1 Bf5 13. Ne5 Nxd4 14. Nxf7 Qd7 15. Nxd6+ Kf8 16. Nxf5 Nc2 17. Qb1 Nxa1 18. Qxa1 Qxf5 19. Ne2 Qc2 20. Qc1 Qxc1+ 21. Bxc1 Rd8 22. Bb3 c5 23. Nf4 Re8 24. Kf1 b5 25. Ne6+ Kf7 26. Nc7+ Ke7 27. Nxe8 Nxe8 28. Be3 c4 29. Bc2 Nf6 30. Bxa7 g5 31. f3 Nd5 32. Bxh7 Nb4 33. Bc5+ Kf7 34. Bxb4 Kf6 35. b3 Kg7 36. bxc4 bxc4 37. a4 1-0

[Event "Amantea op-B 8th"]
[Site "Amantea"]
[Date "2010.08.31"]
[Round "3"]
[White "Dallaglio, Stefano"]
[Black "Michienzi, Marco"]
[Result "1-0"]
[WhiteElo "1380"]
[BlackElo "1434"]
[PlyCount "65"]
[EventDate "2010.08.29"]
[EventType "swiss"]
[EventRounds "9"]
[EventCountry "ITA"]
[SourceTitle "CBM 138 Extra"]
[Source "ChessBase"]
[SourceDate "2010.10.29"]
[SourceVersion "1"]
[SourceVersionDate "2010.10.29"]
[SourceQuality "1"]

1. e4 g6 2. d4 Bg7 3. Nf3 Nc6 4. Be3 e6 5. Nc3 a6 6. Bc4 Nce7 7. d5 d6 8. 0-0 e5 9. Ng5 Nh6 10. h3 b5 11. Bd3 c5 12. f4 0-0 13. fxe5 c4 14. Be2 f5 15. b3 Bxe5 16. Bd4 Nxd5 17. Nxd5 Qxg5 18. Bxe5 dxe5 19. Qc1 f4 20. bxc4 Bxh3 21. Rf2 f3 22. Qxg5 fxe2 23. Rxe2 Bg4 24. Nf6+ Rxf6 25. Qxf6 Bxe2 26. Qxe5 Rf8 27. Qd6 bxc4 28. Qd2 Bg4 29. Qxh6 Re8 30. Re1 Bf5 31. Qf4 Rxe4 32. Rxe4 Bxe4 33. Qxe4 1-0

[Event "Amantea op-B 8th"]
[Site "Amantea"]
[Date "2010.08.30"]
[Round "2"]
[White "Martino, Giovanni"]
[Black "Dallaglio, Stefano"]
[Result "1-0"]
[WhiteElo "1536"]
[BlackElo "1380"]
[PlyCount "69"]
[EventDate "2010.08.29"]
[EventType "swiss"]
[EventRounds "9"]
[EventCountry "ITA"]
[SourceTitle "CBM 138 Extra"]
[Source "ChessBase"]
[SourceDate "2010.10.29"]
[SourceVersion "1"]
[SourceVersionDate "2010.10.29"]
[SourceQuality "1"]

1. e4 e5 2. Nf3 Nc6 3. Bb5 a6 4. Ba4 Nf6 5. 0-0 d5 6. Nxe5 dxe4 7. Nxc6 bxc6 8. Bxc6+ Bd7 9. Bxa8 Qxa8 10. d4 Bb4 11. Bd2 Bxd2 12. Nxd2 Bc6 13. Re1 0-0 14. f3 Re8 15. fxe4 Nxe4 16. Nf3 f6 17. c4 Nd6 18. d5 Rxe1+ 19. Qxe1 Bd7 20. Qe7 Qc8 21. b3 Nf5 22. Qe4 Be8 23. Re1 Bf7 24. Nd4 Nxd4 25. Qxd4 c6 26. Qc5 g5 27. dxc6 Kg7 28. Re7 Qf8 29. c7 Qc8 30. Qd6 Kg6 31. Qd8 Qxd8 32. cxd8Q a5 33. Qd7 Kh5 34. Rxf7 Kh4 35. Qh3# 1-0